00808nam a22002297a 45000010005000000030006000050050017000110080041000280200018000690400029000870500008001160820010001241000031001342450092001652600029002573000060002864900020003465050008003665200155003745210029005295210020005589868FISKH20260310151548.0260310b cb ||||| |||| 00| 0 eng d a9788184852042 aFISKHbengcFISKHdFISKH aPZ7 a398.2 aAnderson , Hans Christian  aStories of values /cThe Brothers Grimm , Hans Christian Anderson , and Aesop's Fables  aNew Delhi : bLearner ,  a20 unnumbered pages : bcolor illustrations ;c28 cm .  aStories of .... aM  aThe musicians of Bermann , The brave Tin solider , The elves and the shoemaker , The mice in council , The emperore's new clothes and the nightagle . 8 a550 bLexile estimate 8 aM bRaz-Plus